000 01064nam a2200301 i 4500
003 DO-SdBNP
005 20251215100418.0
007 ta
008 250609b2012 dr ||||| |||| 00| 0 spa d
040 _aDO-SdBNP
_bspa
_cBNPHU
_erda
082 4 _a346.043
_bR426L, 2012
_222
110 1 _aRepública Dominicana.
_9447
240 1 0 _a[Leyes, etc.]
245 1 0 _aLey No. 189-11 para el desarrollo del mercado hipotecario y el fideicomiso en la República Dominicana :
_breglamento No. 95-12
264 1 _aSanto Domingo :
_bCongreso Nacional,
_c2012.
300 _a145 páginas ;
_c22 cm.
336 _atexto
_btxt
_2rdacontent
337 _asin mediación
_bn
_2rdamedia
338 _avolumen
_bnc
_2rdacarrier
590 _aInventariado, 2025/BT
650 0 _aFideicomiso
_xLegislación
_933544
650 4 _aCompraventa de bienes raíces
_xLegislación
_950170
650 4 _aDerecho sucesorio
_xLegislación
_950171
650 4 _aLeyes
_zRepública Dominicana
_93033
651 4 _aRepública Dominicana
_xLey 189-11
_950172
910 _aBtavárez
942 _2ddc
_cLBS1
999 _c59172
_d59172